Bilaterálne zahraničnoobchodné vzťahy Slovenska a Rakúska od vzniku samostatnej Slovenskej republiky po súčasnosť bakalárska práca

Salvato in:
Dettagli Bibliografici
Autore principale: Horníková, Anita
Ente Autore: Fakulta medzinárodných vzťahov EU. Katedra medzinárodných ekonomických vzťahov a hospodárskej diplomacie
Altri autori: Čiefová, Michaela, 1991-
Natura: Libro
Lingua:slovacco
Pubblicazione: Bratislava 2018
Tags: Aggiungi Tag
Nessun Tag, puoi essere il primo ad aggiungerne!!

MARC

LEADER 00000nbm a2200000 4500
001 0244543
005 20180810101712.4
041 0 |a slo 
044 |a SK 
245 1 0 |a Bilaterálne zahraničnoobchodné vzťahy Slovenska a Rakúska od vzniku samostatnej Slovenskej republiky po súčasnosť  |b bakalárska práca  |c Anita Horníková ; školiteľ: Michaela Čiefová 
264 1 |a Bratislava  |c 2018 
300 |a 51 s. 
100 1 |a Horníková, Anita 
700 1 |a Čiefová, Michaela, 1991- 
710 2 |a Fakulta medzinárodných vzťahov EU. Katedra medzinárodných ekonomických vzťahov a hospodárskej diplomacie